Bandmitglieder Quiz - Deutsche Bands 3 - Statistiken

Allgemein
  • Dieses Quiz wurde 343 mal gespielt
  • Das Durchschnittsergebnis liegt bei 4 aus 22
Antwortstatistiken
Mitglieder Bands % Korrekt
Sigl, Murphy, Seuss, Duncan, Keller, Staniloi, Radig Spider Murphy Gang
49%
Delay (Eizi Eiz), Lisk (Denyo), Weiß (DJ Mad) Beginner
41%
Völkel, Vollmer, Freyberg, Arison, Neumann, Buehler, Fischer The BossHoss
35%
Itchyban, Lafrotino, Johnny Strange, Don Cali, Chino con Estilo, Larsito, Mr. Reedoo Culcha Candela
32%
Niemczyk, Grunenberg Glasperlenspiel
30%
Humpe, Deuker, Krüger, Behrendt Ideal
20%
Weist, Walter, Voigt, Deckert, Kohl Jennifer Rostock
15%
Teutoburg-Weiß, Kurtzke, Baumann, Götz, Scholz, Kern Beatsteaks
14%
Schlasse (Havaii), Klein (Kleinkrieg), Hönig, Hartmann (Larsson), Möller Extrabreit
14%
Von Lowtzow, Müller, Zank, McPhail Tocotronic
14%
Dreilich, Römer, Schwandt, Liebig, Becker Karat
13%
Stein, Kopplin SDP
12%
Heppner, Reinhardt Wolfsheim
12%
Geratsch, von Steinfurt, Hundsdoerfer Geier Sturzflug
11%
Dickopf, Hüneke, Sahr, Olfert, Sterzenbach Wise Guys
11%
Schwalm, Gliem Wildecker Herzbuben
10%
Gottschalk, Laufenberg, Sexauer G.L.S.-United
8%
Hinrichsen, Stosberg, Both, Fahnert, Sage Santiano
8%
Büchner, Voß, Lehmann, Schmidt Torfrock
7%
Müller, Eigner Jupiter Jones
5%
Kayed, Miyao, Reißmann, Porciuncula, Levita Overground
5%
Rethwisch, Rethwisch, Lidsba, Fischer, Kaiser Stanfour
5%
Keine übereinstimmenden Quizze gefunden
Verteilung der Resultate
Anzahl Personen mit jedem Resultat
Perzentil nach korrekt beantworteten Fragen
Ihre Resultats-Entwicklung
Sie haben dieses Quiz noch nicht gespielt